MARC

LEADER 00000nam0a2200000 4500
001 374584
005 20250423144540.0
035 |a (RuTPU)RU\TPU\retro\32018 
035 |a RU\TPU\book\303962 
090 |a 374584 
100 |a 20221219d1986 k y0rusy5003 ca 
101 0 |a rus 
102 |a RU 
105 |a a z 001zy 
200 1 |a Атлас характерных комплексов пермской фауны и флоры Урала и Русской платформы  |f Всесоюзный научно-исследовательский геологический институт (ВСЕГЕИ) 
210 |a Ленинград  |c Недра  |d 1986 
215 |a 328 с.  |c ил. 
225 1 |a Труды Всесоюзного научно-исследовательского геологического института (ВСЕГЕИ)  |v Т. 331 
225 1 |a Новая серия 
320 |a Библиогр.: с. 313-318 (150 назв.) 
320 |a Алф. указ. родов, видов и разновидностей: с. 319-328 
500 1 0 |a Труды Всесоюзного научно-исследовательского геологического института  |9 88882 
606 1 |a Животные ископаемые  |2 stltpush  |3 (RuTPU)RU\TPU\subj\10861  |9 37875 
610 1 |a пермский период 
610 1 |a флора 
610 1 |a фауна 
610 1 |a характеристики 
610 1 |a ископаемые растения 
610 1 |a Урал 
610 1 |a палеонтологические таблицы 
610 1 |a атласы 
675 |a 562/569  |v 4 
712 0 2 |a Всесоюзный научно-исследовательский геологический институт (ВСЕГЕИ)  |c (Ленинград)  |c (1939-1991)  |3 (RuTPU)RU\TPU\col\11367 
801 0 |a RU  |b RuMRKP  |c 19950704  |g psbo 
801 1 |a RU  |b 63413507  |c 20150112 
801 2 |a RU  |b 63413507  |c 20221219  |g RCR 
850 |a 63413507 
942 |c CR